Nordic Geography Quiz - Statistics

General Stats
  • This quiz has been taken 751 times
    594 since last reset
  • The average score is 13 of 20
Answer Stats
Question Answer % Correct
What is the most populous Nordic city? Stockholm
96%
What term refers to a long, narrow ocean inlet in Norway? Fjord
94%
What is the capital city of Iceland? Reykjavík
92%
On what peninsula are Sweden and Norway located? Scandinavia
91%
Through what peninsula does Denmark share a border with Germany? Jutland
80%
What is the name of the region in which those people reside? Lapland
80%
What Atlantic island chain of Denmark is closer to Scotland than Denmark itself? Faroe Islands
78%
What type of power is responsible for about 50% of Denmark's electricity? Wind Power
77%
What indigenous people reside in the northern parts of Norway, Sweden and Finland? Sami
70%
On what island is Copenhagen located? Zealand
64%
What visa-free Norwegian archipelago is free for anyone from any country to live in? Svalbard
63%
What gulf is located between Finland and Sweden? Gulf of Bothnia
61%
What bridge connects the cities of Copenhagen and Malmö to each other? Øresund Bridge
59%
What small town in Norway hosted the 1994 Winter Olympics? Lillehammer
56%
What is the largest island of Sweden? Gotland
55%
What ethnic-based region, starting with K, does Finland share with Russia? Karelia
49%
What type of small seabird with an orange beak is sometimes eaten as food in Iceland? Puffin
48%
What is the most populous inland city of Finland? Tampere
43%
What is the world's northernmost town with a population higher than 10,000? Hammerfest
32%
Name one of the two largest lakes by surface in Sweden. (both start with V) Vänern / Vättern
24%
No matching quizzes found
Score Distribution
Percent of People with Each Score
Percentile by Number Answered
Your Score History
You have not taken this quiz since the last reset